00699nam a22001937a 450000500170000001000130001702000260003003500130005603700340006908200110010310000240011424500600013826000510019827000750024930000200032494200250034499900190036995201170038820180704132900.0 aB-216519 a9788131301333c695.00 aB-216519 bA P H Publication Corporation a372.86 aSingh, Yogesh Kumar aTeaching practice: lession planningcYogesh Kumar Singh aNew DelhibA P H Publication Corporationc2007 a4435-36/7, Ansari Road, Daryaganj, New Delhi-110002bNew Delhie110002 a312p.c22cm(hb) 2ddccENh372.86mYOG c153356d153356 001040708NFICaZLSbZLSd2018-07-04l1o372.86 YOGpB-216519r2018-07-18 00:00:00s2018-07-04w2018-07-04yEN